00919nam a2200193 a 450000100060000000300090000600800410001502000150005604000280007108200130009910000600011224500310017226000300020330000100023349000350024350504060027865000180068465000230070215193CO-ViMGA141112s2004 ck r 000 u spa d a9589400434 aCO-ViMGAbspacCO-ViMGA04a614 B5151 aBlanco Restrepo, Jorge Humberto; Maya Mejia, Jose Maria10aSalud Pública : bTomo 3 aMedellín, cCib, c1999 a146p. aFundamentos de Salud Pública aConceptos básicos Historia de la salud pública Políticas internacionales en salud Sistemas nacionales de salud Seguridad social en salud Descentralización en salud Prestación de servicios en la salud pública Programas de salud pública Atención primaria Promoción en salud Participación ciudadana y salud Educación en salud Gerencia de la salud pública ética y salud pública14aSALUD PUBLICA14aSERVICIOS DE SALUD